[Event "Mecklenburg VP Verbandsliga 2223"]
[Site "Mecklenburg VP"]
[Date "2023.04.23"]
[Round "8.6"]
[White "Walz, Fabian"]
[Black "Hoerhold, Martin"]
[Result "1/2-1/2"]
[WhiteElo "1342"]
[BlackElo "1828"]
[PlyCount "80"]
[EventDate "2022.10.23"]
[EventType "team-tourn"]
[EventRounds "9"]
[EventCountry "GER"]
[SourceTitle "EXT 2024"]
[Source "ChessBase"]
[SourceDate "2023.10.10"]
[SourceVersion "1"]
[SourceVersionDate "2023.10.10"]
[SourceQuality "1"]
[WhiteTeam "Rostock SSC 07"]
[BlackTeam "Neubrandenburg SG Eintracht"]
[WhiteTeamCountry "GER"]
[BlackTeamCountry "GER"]

1. e4 c5 2. c3 Nf6 3. e5 Nd5 4. Nf3 Nc6 5. d4 cxd4 6. cxd4 d6 7. exd6 Qxd6 8. Nc3 e6 9. Bc4 Nb6 10. Bb3 Be7 11. 0-0 Na5 12. Bc2 0-0 13. Ne4 Qc7 14. Nfg5 h6 15. Nf3 Nd5 16. Ne5 Nc4 17. Qd3 Nxe5 18. dxe5 Qxe5 19. Ng5 Nf6 20. Nh7 Ng4 21. Qh3 Rd8 22. Qxg4 Rd4 23. Qg3 Qxg3 24. fxg3 f5 25. Be3 Rb4 26. b3 Kxh7 27. Bd2 Rb5 28. g4 Rc5 29. Rac1 Rd5 30. Be3 Bg5 31. Bxg5 hxg5 32. Rcd1 Rc5 33. Bb1 Kh6 34. Rd8 g6 35. Re1 a5 36. Bd3 Kg7 37. Rxe6 Bxe6 38. Rxa8 Rc1+ 39. Kf2 Rc5 40. gxf5 gxf5 1/2-1/2

[Event "Mecklenburg VP LL2 Ost 1516"]
[Site "Mecklenburg VP"]
[Date "2015.12.13"]
[Round "4.7"]
[White "Loesche, Richard"]
[Black "Hoerhold, Martin"]
[Result "0-1"]
[WhiteElo "1572"]
[BlackElo "1663"]
[PlyCount "52"]
[EventDate "2015.09.20"]
[EventType "team-tourn"]
[EventRounds "9"]
[EventCountry "GER"]
[SourceTitle "EXT 2022"]
[Source "ChessBase"]
[SourceDate "2021.10.06"]
[SourceVersion "1"]
[SourceVersionDate "2021.10.06"]
[SourceQuality "1"]
[WhiteTeam "Stralsund FHSG II"]
[BlackTeam "Neubrandenburg SG Eintracht II"]
[WhiteTeamCountry "GER"]
[BlackTeamCountry "GER"]

1. e4 g6 2. d4 Bg7 3. Bc4 d6 4. Ne2 Nf6 5. Nbc3 0-0 6. 0-0 c6 7. a4 a5 8. Bf4 Na6 9. Qd2 Nb4 10. Bb3 Bd7 11. Rad1 Qc7 12. e5 Ne8 13. Bh6 Bxh6 14. Qxh6 Bf5 15. exd6 Qxd6 16. Rd2 Nf6 17. Ng3 Qd7 18. h3 Nbd5 19. Re1 Nxc3 20. bxc3 Rfe8 21. Re5 e6 22. Rde2 Nd5 23. Qd2 f6 24. Bxd5 fxe5 25. Be4 exd4 26. cxd4 Rad8 0-1

[Event "Mecklenburg VP LL2 Ost 0910"]
[Site "Mecklenburg VP"]
[Date "2009.11.15"]
[Round "2"]
[White "Hoerhold, Martin"]
[Black "Lotz, Robert"]
[Result "1-0"]
[WhiteElo "1613"]
[BlackElo "1729"]
[PlyCount "73"]
[EventDate "2009.10.18"]
[EventType "team-tourn"]
[EventRounds "9"]
[EventCountry "GER"]
[SourceTitle "EXT 2016"]
[Source "ChessBase"]
[SourceDate "2015.10.08"]
[SourceVersion "1"]
[SourceVersionDate "2015.10.08"]
[SourceQuality "1"]
[WhiteTeam "Neubrandenburg SG Eintracht II"]
[BlackTeam "Waren"]
[WhiteTeamCountry "GER"]
[BlackTeamCountry "GER"]

1. e4 e5 2. Nf3 Nc6 3. Bb5 Nge7 4. 0-0 a6 5. Ba4 b5 6. Bb3 Ng6 7. c3 Bc5 8. d4 exd4 9. cxd4 Bb6 10. Ng5 0-0 11. Qh5 h6 12. Nxf7 Rxf7 13. Qxg6 Qe8 14. Bxf7+ Qxf7 15. Qxf7+ Kxf7 16. d5 Nd4 17. Nc3 c6 18. Be3 Ba7 19. Rad1 b4 20. Bxd4 Bxd4 21. Rxd4 c5 22. Rc4 bxc3 23. Rxc3 d6 24. Rfc1 a5 25. f4 Bb7 26. Rb3 Ba6 27. e5 Ke7 28. Rb6 dxe5 29. fxe5 c4 30. b3 cxb3 31. axb3 Bd3 32. Rc7+ Kf8 33. Rbc6 Bf5 34. e6 Be4 35. Rc8+ Rxc8 36. Rxc8+ Ke7 37. Rc5 1-0

[Event "Mecklenburg VP LL 0708"]
[Site "Mecklenburg VP"]
[Date "2008.03.09"]
[Round "7.8"]
[White "Piske, Thomas"]
[Black "Hoerhold, Martin"]
[Result "1/2-1/2"]
[WhiteElo "1873"]
[BlackElo "1650"]
[PlyCount "35"]
[EventDate "2007.10.21"]
[EventType "team-tourn"]
[EventRounds "9"]
[EventCountry "GER"]
[SourceTitle "EXT 2016"]
[Source "ChessBase"]
[SourceDate "2015.10.08"]
[SourceVersion "1"]
[SourceVersionDate "2015.10.08"]
[SourceQuality "1"]
[WhiteTeam "Wismar ASV Gruen-Weiss"]
[BlackTeam "Neubrandenburg SG Eintracht"]
[WhiteTeamCountry "GER"]
[BlackTeamCountry "GER"]

1. e4 d6 2. d4 Nf6 3. Nc3 g6 4. f3 Bg7 5. Be3 0-0 6. Qd2 a6 7. 0-0-0 b5 8. g4 Nc6 9. h4 h5 10. gxh5 Nxh5 11. Nh3 e5 12. d5 Na5 13. b3 Nb7 14. Qf2 Kh7 15. Ne2 Rh8 16. Ng3 Nxg3 17. Qxg3 Kg8 18. Nf2 1/2-1/2

[Event "Mecklenburg VP LL1 0607"]
[Site "Mecklenburg VP"]
[Date "2007.04.22"]
[Round "9.5"]
[White "Nickel, Reimo"]
[Black "Hoerhold, Martin"]
[Result "1-0"]
[WhiteElo "1789"]
[BlackElo "1595"]
[PlyCount "33"]
[EventDate "2006.10.15"]
[EventType "team"]
[EventRounds "9"]
[EventCountry "GER"]
[SourceTitle "EXT 2008"]
[Source "ChessBase"]
[SourceDate "2007.11.25"]
[SourceVersion "1"]
[SourceVersionDate "2007.11.25"]
[SourceQuality "1"]
[WhiteTeam "Saal Waterkant"]
[BlackTeam "Neubrandenburg SG Eintracht II"]
[WhiteTeamCountry "GER"]
[BlackTeamCountry "GER"]

1. d4 Nf6 2. c4 d6 3. Nf3 g6 4. Nc3 Bg7 5. e4 0-0 6. Bd3 Nc6 7. 0-0 Nh5 8. d5 Nb4 9. Be3 Nxd3 10. Qxd3 f5 11. Bd4 fxe4 12. Qxe4 Rf4 13. Qd3 e5 14. dxe6 Rxf3 15. Qxf3 Bxd4 16. Qf7+ Kh8 17. e7 1-0